Cross-cultural quality of life: enhancing the lives of people with intellectual disability
Wedi'i Gadw mewn:
| Prif Awduron: | , |
|---|---|
| Fformat: | Llyfr |
| Iaith: | Saesneg |
| Cyhoeddwyd: |
Washington, D.C
AAIDD
2016
|
| Rhifyn: | 1a. ed |
| Pynciau: | |
| Tagiau: |
Ychwanegu Tag
Dim Tagiau, Byddwch y cyntaf i dagio'r cofnod hwn!
|
MARC
| LEADER | 00000cam a2200000 a 4500 | ||
|---|---|---|---|
| 001 | UCD8760 | ||
| 003 | CL-VaPUC | ||
| 008 | 170527e20160000us |||||||||||||||||eng|d | ||
| 020 | |a 9780996506847 | ||
| 082 | 0 | 4 | |a 362.3 |b SCH |2 21 |
| 100 | 0 | |a Schalock, Robert L |e author |9 592256 | |
| 700 | 0 | |a Keith, Kenneth D |e author |9 592257 | |
| 245 | 1 | 0 | |a Cross-cultural quality of life: enhancing the lives of people with intellectual disability |
| 250 | |a 1a. ed | ||
| 300 | |a 264 p | ||
| 942 | |c BK | ||
| 945 | |d 20170527 00:32:00 |a dcastane | ||
| 260 | |a Washington, D.C |b AAIDD |c 2016 | ||
| 650 | 7 | |a RETARDO MENTAL |2 CL-VaPUC |9 309466 | |
| 650 | 0 | |a Calidad de vida |9 322944 | |
| 650 | 0 | |a Bienestar social |9 255298 | |
| 583 | |a last modification |c 20170527 00:32:00 |k Rodrigo Vera | ||
| 999 | |c 368069 |d 368067 | ||
| 952 | |0 0 |1 0 |3 erb |4 0 |6 362_300000000000000_SCH_2016 |7 0 |8 A |9 483328 |a BIBEDU |b BIBEDU |i 5376823 |o 362.3 SCH 2016 |p 5376823 |r 2019-11-24 |w 2019-11-24 |y BK |z Catalogado en:20170527 |k EDI | ||